000 00359nam a2200145Ia 4500
008 150201s2000 xx 000 0 und d
082 _a612
_bM2000M
100 _aMAYA,R.K
245 _aMEDICAL PHYSIOLOGY
250 _a1ST
260 _bC.B.S PUBLISHERS & DISTRIBUTERS
_aDARYAGANJ(DELHI)
_c2000
300 _a1-512
650 _aPHYSIOLOGY
942 _2ddc
_cBK
999 _c2491
_d2491